<?xml version="1.0" encoding="UTF-8"?>
<record
    xmlns:xsi="http://www.w3.org/2001/XMLSchema-instance"
    xsi:schemaLocation="http://www.loc.gov/MARC21/slim http://www.loc.gov/standards/marcxml/schema/MARC21slim.xsd"
    xmlns="http://www.loc.gov/MARC21/slim">

  <leader>009660000a22002770004500</leader>
  <datafield tag="090" ind1=" " ind2=" ">
    <subfield code="a">AR</subfield>
    <subfield code="b">03451</subfield>
  </datafield>
  <datafield tag="245" ind1="1" ind2="0">
    <subfield code="a">Novas especies e revalidacao em hippopsis lepeletier &amp; audinet-serville, 1825 (Cerambycidae, Lamiinae, Agapanthini)</subfield>
  </datafield>
  <datafield tag="650" ind1="1" ind2="4">
    <subfield code="a">Insectos</subfield>
    <subfield code="9">92622</subfield>
  </datafield>
  <datafield tag="650" ind1="1" ind2="4">
    <subfield code="a">Entomolog&#xED;a</subfield>
    <subfield code="9">4483</subfield>
  </datafield>
  <datafield tag="650" ind1="1" ind2="4">
    <subfield code="a">Taxonom&#xED;a animal</subfield>
    <subfield code="9">8245</subfield>
  </datafield>
  <datafield tag="650" ind1="1" ind2="4">
    <subfield code="a">Nuevas especies</subfield>
    <subfield code="9">92905</subfield>
  </datafield>
  <datafield tag="650" ind1="1" ind2="4">
    <subfield code="a">Morfolog&#xED;a animal</subfield>
    <subfield code="9">9953</subfield>
  </datafield>
  <datafield tag="651" ind1=" " ind2="4">
    <subfield code="d">Minas de Gerais</subfield>
    <subfield code="p">Brasil</subfield>
    <subfield code="9">92749</subfield>
  </datafield>
  <datafield tag="651" ind1=" " ind2="4">
    <subfield code="d">Sao Pablo</subfield>
    <subfield code="p">Brasil</subfield>
    <subfield code="9">92749</subfield>
  </datafield>
  <datafield tag="651" ind1=" " ind2="4">
    <subfield code="p">Ecuador</subfield>
    <subfield code="9">92749</subfield>
  </datafield>
  <datafield tag="653" ind1=" " ind2=" ">
    <subfield code="g">Hippopsis</subfield>
    <subfield code="e">Hippopsis bivittata</subfield>
  </datafield>
  <datafield tag="653" ind1=" " ind2=" ">
    <subfield code="f">Hippopsis</subfield>
    <subfield code="e">Hippopsis nigroapicalis</subfield>
  </datafield>
  <datafield tag="653" ind1=" " ind2=" ">
    <subfield code="g">Hippopsis</subfield>
    <subfield code="e">Hippopsis brevicollis</subfield>
  </datafield>
  <datafield tag="653" ind1=" " ind2=" ">
    <subfield code="g">Hippopsis</subfield>
    <subfield code="e">Hippopsis freyi</subfield>
  </datafield>
  <datafield tag="653" ind1=" " ind2=" ">
    <subfield code="g">Hippopsis</subfield>
    <subfield code="e">Hippopsis tibialis</subfield>
  </datafield>
  <datafield tag="041" ind1="0" ind2=" ">
    <subfield code="a">Portugues</subfield>
  </datafield>
  <datafield tag="700" ind1="1" ind2=" ">
    <subfield code="a">Galileo, Mar&#xED;a Helena</subfield>
    <subfield code="9">97065</subfield>
  </datafield>
  <datafield tag="100" ind1="1" ind2=" ">
    <subfield code="a">Martins, Ubirajara R.</subfield>
    <subfield code="9">9293</subfield>
  </datafield>
  <datafield tag="942" ind1=" " ind2=" ">
    <subfield code="c">ARTICULO</subfield>
  </datafield>
  <datafield tag="773" ind1="1" ind2=" ">
    <subfield code="t">Revista Brasilera de Entomolog&#xED;a</subfield>
    <subfield code="h">1</subfield>
    <subfield code="q">25-29</subfield>
    <subfield code="d">2003</subfield>
    <subfield code="g">47</subfield>
  </datafield>
  <datafield tag="999" ind1=" " ind2=" ">
    <subfield code="c">12502</subfield>
    <subfield code="d">12502</subfield>
  </datafield>
  <datafield tag="952" ind1=" " ind2=" ">
    <subfield code="0">0</subfield>
    <subfield code="1">0</subfield>
    <subfield code="4">0</subfield>
    <subfield code="7">1</subfield>
    <subfield code="8">HEMEROTECA</subfield>
    <subfield code="a">Bogota</subfield>
    <subfield code="b">Bogota</subfield>
    <subfield code="d">2015-02-27</subfield>
    <subfield code="h">Fuera de circulaci&#xF3;n</subfield>
    <subfield code="l">0</subfield>
    <subfield code="o">AR 03451</subfield>
    <subfield code="p">014334</subfield>
    <subfield code="r">2015-03-25 00:00:00</subfield>
    <subfield code="w">2015-03-25</subfield>
    <subfield code="x">Donaci&#xF3;n</subfield>
    <subfield code="y">ARTICULO</subfield>
  </datafield>
</record>
